[Event "Morshyn All Ukranian 1st"]
[Site "Morshyn"]
[Date "2023.07.08"]
[Round "3"]
[White "Saliuk, Yevhen"]
[Black "Megur, Vladislav"]
[Result "0-1"]
[WhiteElo "1347"]
[BlackElo "2081"]
[PlyCount "42"]
[EventDate "2023.07.08"]
[EventType "swiss (rapid)"]
[EventRounds "9"]
[EventCountry "UKR"]
[SourceTitle "CBM 215 Extra"]
[Source "ChessBase"]
[SourceDate "2023.09.30"]
[SourceVersion "1"]
[SourceVersionDate "2023.09.30"]
[SourceQuality "1"]

1. e4 d6 2. d4 g6 3. Nc3 Bg7 4. Bg5 Nd7 5. f4 c5 6. Nf3 a6 7. Be2 b5 8. Qd2 cxd4 9. Nxd4 Bb7 10. Bf3 Qb6 11. Rd1 Rc8 12. Bh4 Ngf6 13. Bf2 Qc7 14. a3 0-0 15. 0-0 Rfd8 16. f5 Ne5 17. Kh1 Nc4 18. Qc1 Nxb2 19. Qxb2 Qxc3 20. Qc1 Bxe4 21. Bxe4 Nxe4 0-1

[Event "Brody Bryvko Memorial 2nd"]
[Site "Brody"]
[Date "2022.12.11"]
[Round "4"]
[White "Saliuk, Yevhen"]
[Black "Cherniak, Olena"]
[Result "0-1"]
[WhiteElo "1328"]
[BlackElo "1790"]
[PlyCount "122"]
[EventDate "2022.12.11"]
[EventType "swiss (blitz)"]
[EventRounds "9"]
[EventCountry "UKR"]
[SourceTitle "CBM 211 Extra"]
[Source "ChessBase"]
[SourceDate "2023.01.31"]
[SourceVersion "1"]
[SourceVersionDate "2023.01.31"]
[SourceQuality "1"]

1. e4 e5 2. Nf3 Nc6 3. Bb5 a6 4. Ba4 Nf6 5. d3 b5 6. Bb3 Be7 7. c3 d6 8. Nbd2 Na5 9. Bc2 c5 10. 0-0 0-0 11. Re1 Qc7 12. Nf1 Re8 13. Ng3 Nc6 14. Nh4 g6 15. Bg5 h6 16. Bd2 Kg7 17. Qc1 Ng8 18. Nf3 Bg4 19. Qd1 Rac8 20. h3 Be6 21. a4 b4 22. Nh2 bxc3 23. bxc3 Rb8 24. Rb1 Rxb1 25. Qxb1 Rb8 26. Qa1 Na5 27. Rb1 Nb3 28. Bxb3 Rxb3 29. Rxb3 Bxb3 30. Qa3 c4 31. dxc4 Bxc4 32. Qa1 Qb6 33. Nhf1 Bd3 34. Ne3 Bg5 35. Nd5 Qa5 36. Bxg5 hxg5 37. Nf1 Bxe4 38. Nde3 Bc6 39. Qd1 d5 40. Ng3 Nf6 41. c4 d4 42. Ng4 Nxg4 43. Qxg4 Qxa4 44. Qxg5 Qd1+ 45. Kh2 f6 46. Nf5+ Kf7 47. Nh6+ Ke7 48. Qxg6 Qd2 49. Qf7+ Kd6 50. Nf5+ Kc5 51. Qe7+ Kxc4 52. Nd6+ Kc3 53. Ne4+ Bxe4 54. Qc5+ Kd3 55. Qa3+ Ke2 56. Qxa6+ Kxf2 57. Qxf6+ Qf4+ 58. Qxf4+ exf4 59. h4 d3 60. h5 d2 61. h6 d1Q 0-1